[Event "POHÁR města Říčany 2023"]
[Site "Městské kulturní středisko U labutě"]
[Date "2023.08.30"]
[Round "6.7"]
[White "Rodshtein, Tereza"]
[Black "Benes, Jachym"]
[Result "0-1"]
[WhiteFideId "325449"]
[BlackFideId "23710870"]
[WhiteElo "2203"]
[BlackElo "1914"]
[PlyCount "0"]
[EventDate "2023.08.26"]

1. e4 {[%clk 01:29:12]} {[%emt 00:01:48]} e6 {[%clk 01:30:54]} {[%emt
00:00:07]} 2. d4 {[%clk 01:29:32]} {[%emt 00:00:10]} d5 {[%clk 01:31:20]}
{[%emt 00:00:04]} 3. Bd3 {[%clk 01:29:48]} {[%emt 00:00:13]} c5 {[%clk
01:30:46]} {[%emt 00:01:03]} 4. c3 {[%clk 01:13:09]} {[%emt 00:17:09]} Nc6
{[%clk 01:30:16]} {[%emt 00:01:00]} 5. Nf3 {[%clk 01:12:53]} {[%emt 00:00:46]}
Nf6 {[%clk 01:28:32]} {[%emt 00:02:15]} 6. e5 {[%clk 01:11:39]} {[%emt
00:01:43]} Nd7 {[%clk 01:28:57]} {[%emt 00:00:05]} 7. O-O {[%clk 01:09:33]}
{[%emt 00:02:36]} Be7 {[%clk 01:21:08]} {[%emt 00:08:21]} 8. Bc2 {[%clk
00:58:51]} {[%emt 00:11:11]} b5 {[%clk 01:13:45]} {[%emt 00:07:53]} 9. a3
{[%clk 00:55:27]} {[%emt 00:03:54]} c4 {[%clk 01:10:40]} {[%emt 00:03:35]} 10.
a4 {[%clk 00:55:46]} {[%emt 00:00:10]} b4 {[%clk 01:11:04]} {[%emt 00:00:07]}
11. b3 {[%clk 00:55:57]} {[%emt 00:00:19]} cxb3 {[%clk 01:08:18]} {[%emt
00:03:16]} 12. Bxb3 {[%clk 00:56:13]} {[%emt 00:00:13]} Ba6 {[%clk 01:08:11]}
{[%emt 00:00:38]} 13. Re1 {[%clk 00:55:33]} {[%emt 00:01:09]} Qa5 {[%clk
01:05:34]} {[%emt 00:03:08]} 14. Bd2 {[%clk 00:53:46]} {[%emt 00:02:16]} Rb8
{[%clk 01:02:37]} {[%emt 00:03:28]} 15. Re3 {[%clk 00:46:56]} {[%emt 00:07:20]}
O-O {[%clk 00:56:25]} {[%emt 00:06:43]} 16. Ne1 {[%clk 00:42:35]} {[%emt
00:04:50]} Rfc8 {[%clk 00:43:59]} {[%emt 00:12:57]} 17. Rg3 {[%clk 00:38:59]}
{[%emt 00:04:04]} Qb6 {[%clk 00:42:29]} {[%emt 00:02:01]} 18. Bc2 {[%clk
00:30:16]} {[%emt 00:09:13]} g6 {[%clk 00:41:20]} {[%emt 00:01:39]} 19. h4
{[%clk 00:24:49]} {[%emt 00:05:56]} b3 {[%clk 00:32:51]} {[%emt 00:08:59]} 20.
Bd3 {[%clk 00:25:17]} {[%emt 00:00:02]} Bxh4 {[%clk 00:31:26]} {[%emt
00:01:54]} 21. Rh3 {[%clk 00:23:48]} {[%emt 00:02:00]} Be7 {[%clk 00:30:20]}
{[%emt 00:01:36]} 22. Qg4 {[%clk 00:20:09]} {[%emt 00:04:08]} Bxd3 {[%clk
00:29:34]} {[%emt 00:01:17]} 23. Nxd3 {[%clk 00:20:37]} {[%emt 00:00:02]} b2
{[%clk 00:29:51]} {[%emt 00:00:12]} 24. Ra2 {[%clk 00:20:55]} {[%emt 00:00:12]}
Qb3 {[%clk 00:27:41]} {[%emt 00:02:40]} 25. Rxb2 {[%clk 00:21:07]} {[%emt
00:00:18]} Qxa4 {[%clk 00:28:07]} {[%emt 00:00:04]} 26. Nb4 {[%clk 00:18:08]}
{[%emt 00:03:29]} a5 {[%clk 00:24:21]} {[%emt 00:04:17]} 27. Kh2 {[%clk
00:07:49]} {[%emt 00:10:48]} axb4 {[%clk 00:24:36]} {[%emt 00:00:16]} 28. cxb4
{[%clk 00:08:18]} {[%emt 00:00:01]} Qa7 {[%clk 00:19:41]} {[%emt 00:05:25]} 29.
Bc3 {[%clk 00:06:59]} {[%emt 00:01:49]} Bxb4 {[%clk 00:19:16]} {[%emt
00:00:55]} 30. Bxb4 {[%clk 00:05:48]} {[%emt 00:01:41]} Rxb4 {[%clk 00:19:40]}
{[%emt 00:00:06]} 31. Rxb4 {[%clk 00:06:13]} {[%emt 00:00:05]} Nxb4 {[%clk
00:20:06]} {[%emt 00:00:05]} 32. Nd2 {[%clk 00:06:37]} {[%emt 00:00:06]} Nc2
{[%clk 00:17:36]} {[%emt 00:02:59]} 33. Nf3 {[%clk 00:07:00]} {[%emt 00:00:08]}
Rc4 {[%clk 00:17:34]} {[%emt 00:00:32]} 34. Qh4 {[%clk 00:05:45]} {[%emt
00:01:44]} Nf8 {[%clk 00:17:57]} {[%emt 00:00:07]} 35. Ng5 {[%clk 00:06:11]}
{[%emt 00:00:04]} Qxd4 {[%clk 00:18:17]} {[%emt 00:00:11]} 0-1

[Event "POHÁR města Říčany 2023"]
[Site "Městské kulturní středisko U labutě"]
[Date "2023.08.30"]
[Round "6.8"]
[White "Bezdek, Tomas"]
[Black "Pressler, Tobias"]
[Result "1-0"]
[WhiteFideId "23733551"]
[BlackFideId "23715359"]
[WhiteElo "2136"]
[BlackElo "1912"]
[PlyCount "0"]
[EventDate "2023.08.26"]

1. d4 {[%clk 01:30:48]} {[%emt 00:00:11]} d5 {[%clk 01:30:46]} {[%emt
00:00:14]} 2. Nc3 {[%clk 01:31:08]} {[%emt 00:00:10]} Nf6 {[%clk 01:28:06]}
{[%emt 00:03:10]} 3. Bf4 {[%clk 01:31:30]} {[%emt 00:00:07]} g6 {[%clk
01:27:42]} {[%emt 00:00:54]} 4. e3 {[%clk 01:31:52]} {[%emt 00:00:08]} Bg7
{[%clk 01:27:26]} {[%emt 00:00:46]} 5. h3 {[%clk 01:32:10]} {[%emt 00:00:12]}
a6 {[%clk 01:21:05]} {[%emt 00:06:52]} 6. Nf3 {[%clk 01:32:26]} {[%emt
00:00:13]} O-O {[%clk 01:21:21]} {[%emt 00:00:14]} 7. Be2 {[%clk 01:32:51]}
{[%emt 00:00:05]} b6 {[%clk 01:19:49]} {[%emt 00:02:02]} 8. O-O {[%clk
01:32:53]} {[%emt 00:00:27]} Bb7 {[%clk 01:19:46]} {[%emt 00:00:33]} 9. a4
{[%clk 01:27:49]} {[%emt 00:05:35]} Nbd7 {[%clk 01:12:17]} {[%emt 00:07:59]} 10.
Na2 {[%clk 01:21:00]} {[%emt 00:07:19]} c5 {[%clk 01:05:57]} {[%emt 00:06:50]}
11. Ne5 {[%clk 01:18:07]} {[%emt 00:03:22]} Nxe5 {[%clk 01:01:18]} {[%emt
00:05:10]} 12. Bxe5 {[%clk 01:16:28]} {[%emt 00:02:09]} Rc8 {[%clk 01:00:28]}
{[%emt 00:01:21]} 13. c3 {[%clk 01:14:21]} {[%emt 00:02:36]} Qd7 {[%clk
00:52:08]} {[%emt 00:08:50]} 14. Qb3 {[%clk 01:05:40]} {[%emt 00:09:10]} Qc6
{[%clk 00:47:12]} {[%emt 00:05:26]} 15. Qa3 {[%clk 01:01:28]} {[%emt 00:04:42]}
Ne4 {[%clk 00:39:13]} {[%emt 00:08:29]} 16. Bxg7 {[%clk 00:41:45]} {[%emt
00:20:13]} Kxg7 {[%clk 00:39:12]} {[%emt 00:00:31]} 17. Rfd1 {[%clk 00:40:15]}
{[%emt 00:02:00]} Rfe8 {[%clk 00:27:53]} {[%emt 00:11:49]} 18. Bd3 {[%clk
00:34:29]} {[%emt 00:06:15]} Nd6 {[%clk 00:28:05]} {[%emt 00:00:19]} 19. Nc1
{[%clk 00:22:40]} {[%emt 00:12:19]} e5 {[%clk 00:24:52]} {[%emt 00:03:43]} 20.
Be2 {[%clk 00:18:59]} {[%emt 00:04:10]} exd4 {[%clk 00:18:03]} {[%emt
00:07:20]} 21. cxd4 {[%clk 00:17:40]} {[%emt 00:01:48]} c4 {[%clk 00:12:06]}
{[%emt 00:06:27]} 22. Na2 {[%clk 00:16:04]} {[%emt 00:02:06]} h5 {[%clk
00:07:39]} {[%emt 00:04:57]} 23. Rac1 {[%clk 00:14:30]} {[%emt 00:02:04]} b5
{[%clk 00:05:23]} {[%emt 00:02:46]} 24. Nc3 {[%clk 00:13:47]} {[%emt 00:01:12]}
Qb6 {[%clk 00:04:16]} {[%emt 00:01:38]} 25. axb5 {[%clk 00:13:27]} {[%emt
00:00:50]} axb5 {[%clk 00:04:41]} {[%emt 00:00:05]} 26. Qb4 {[%clk 00:13:32]}
{[%emt 00:00:24]} Ra8 {[%clk 00:04:47]} {[%emt 00:00:24]} 27. Bf3 {[%clk
00:13:23]} {[%emt 00:00:39]} Ra6 {[%clk 00:01:53]} {[%emt 00:03:23]} 28. Bxd5
{[%clk 00:12:26]} {[%emt 00:01:27]} Qa5 {[%clk 00:01:55]} {[%emt 00:00:29]} 29.
Qxa5 {[%clk 00:11:44]} {[%emt 00:01:12]} Rxa5 {[%clk 00:02:20]} {[%emt
00:00:05]} 30. Bxb7 {[%clk 00:08:26]} {[%emt 00:03:48]} Nxb7 {[%clk 00:02:31]}
{[%emt 00:00:12]} 31. Nd5 {[%clk 00:08:33]} {[%emt 00:00:29]} Nd6 {[%clk
00:02:40]} {[%emt 00:00:22]} 32. Rb1 {[%clk 00:07:14]} {[%emt 00:01:49]} Rb8
{[%clk 00:02:41]} {[%emt 00:00:28]} 33. b3 {[%clk 00:07:09]} {[%emt 00:00:36]}
cxb3 {[%clk 00:00:40]} {[%emt 00:02:32]} 34. Rxb3 {[%clk 00:07:19]} {[%emt
00:00:19]} Rc8 {[%clk 00:00:48]} {[%emt 00:00:20]} 35. Nb4 {[%clk 00:07:13]}
{[%emt 00:00:36]} Rc4 {[%clk 00:00:51]} {[%emt 00:00:28]} 36. Rdb1 {[%clk
00:06:40]} {[%emt 00:01:03]} Kf6 {[%clk 00:00:33]} {[%emt 00:00:48]} 37. Nd5+
{[%clk 00:05:04]} {[%emt 00:02:05]} Ke6 {[%clk 00:00:55]} {[%emt 00:00:07]} 38.
Nc3 {[%clk 00:05:01]} {[%emt 00:00:33]} b4 {[%clk 00:01:11]} {[%emt 00:00:14]}
39. Ne2 {[%clk 00:05:22]} {[%emt 00:00:09]} Ra4 {[%clk 00:00:53]} {[%emt
00:00:49]} 40. Nf4+ {[%clk 00:05:47]} {[%emt 00:00:05]} Kd7 {[%clk 00:00:47]}
{[%emt 00:00:36]} 41. Nd5 {[%clk 00:06:05]} {[%emt 00:00:12]} Ra6 {[%clk
00:00:35]} {[%emt 00:00:42]} 42. Rxb4 {[%clk 00:06:09]} {[%emt 00:00:25]} Rxb4
{[%clk 00:01:00]} {[%emt 00:00:06]} 43. Rxb4 {[%clk 00:06:15]} {[%emt
00:00:23]} Ra2 {[%clk 00:01:24]} {[%emt 00:00:05]} 44. Nf4 {[%clk 00:05:22]}
{[%emt 00:01:23]} Ke7 {[%clk 00:01:02]} {[%emt 00:00:53]} 45. Nd3 {[%clk
00:05:33]} {[%emt 00:00:18]} Rd2 {[%clk 00:01:25]} {[%emt 00:00:07]} 46. Ne5
{[%clk 00:05:43]} {[%emt 00:00:19]} Rd1+ {[%clk 00:01:31]} {[%emt 00:00:26]} 47.
Kh2 {[%clk 00:06:05]} {[%emt 00:00:08]} Rf1 {[%clk 00:01:56]} {[%emt 00:00:04]}
48. Rb2 {[%clk 00:06:08]} {[%emt 00:00:27]} Ke6 {[%clk 00:02:19]} {[%emt
00:00:07]} 49. g4 {[%clk 00:06:03]} {[%emt 00:00:34]} hxg4 {[%clk 00:02:40]}
{[%emt 00:00:10]} 50. hxg4 {[%clk 00:06:24]} {[%emt 00:00:09]} g5 {[%clk
00:02:53]} {[%emt 00:00:17]} 51. Kg2 {[%clk 00:06:35]} {[%emt 00:00:18]} Ra1
{[%clk 00:03:18]} {[%emt 00:00:06]} 52. Rb6 {[%clk 00:06:54]} {[%emt 00:00:11]}
Ke7 {[%clk 00:03:40]} {[%emt 00:00:09]} 53. Rxd6 {[%clk 00:07:02]} {[%emt
00:00:22]} 1-0

[Event "POHÁR města Říčany 2023"]
[Site "Městské kulturní středisko U labutě"]
[Date "2023.08.30"]
[Round "6.9"]
[White "Skypala, Ondrej"]
[Black "Skokan, Frantisek"]
[Result "1-0"]
[WhiteFideId "366285"]
[BlackFideId "327492"]
[WhiteElo "2132"]
[BlackElo "1881"]
[PlyCount "0"]
[EventDate "2023.08.26"]

1. c4 {[%clk 01:30:57]} {[%emt 00:00:02]} Nf6 {[%clk 01:30:44]} {[%emt
00:00:17]} 2. g3 {[%clk 01:31:21]} {[%emt 00:00:05]} g6 {[%clk 01:31:10]}
{[%emt 00:00:05]} 3. Bg2 {[%clk 01:31:46]} {[%emt 00:00:04]} Bg7 {[%clk
01:31:26]} {[%emt 00:00:13]} 4. Nc3 {[%clk 01:32:10]} {[%emt 00:00:06]} c6
{[%clk 01:31:46]} {[%emt 00:00:10]} 5. Nf3 {[%clk 01:32:16]} {[%emt 00:00:23]}
d6 {[%clk 01:32:08]} {[%emt 00:00:09]} 6. O-O {[%clk 01:32:39]} {[%emt
00:00:07]} O-O {[%clk 01:32:29]} {[%emt 00:00:09]} 7. d3 {[%clk 01:33:00]}
{[%emt 00:00:09]} Nbd7 {[%clk 01:32:17]} {[%emt 00:00:42]} 8. Rb1 {[%clk
01:33:24]} {[%emt 00:00:06]} a5 {[%clk 01:32:14]} {[%emt 00:00:33]} 9. a3
{[%clk 01:33:47]} {[%emt 00:00:07]} Ng4 {[%clk 01:27:21]} {[%emt 00:05:24]} 10.
h3 {[%clk 01:32:40]} {[%emt 00:01:36]} Nge5 {[%clk 01:25:37]} {[%emt 00:02:15]}
11. Nd2 {[%clk 01:31:05]} {[%emt 00:02:05]} f5 {[%clk 01:25:14]} {[%emt
00:00:52]} 12. d4 {[%clk 01:27:11]} {[%emt 00:04:24]} Nf7 {[%clk 01:24:54]}
{[%emt 00:00:50]} 13. d5 {[%clk 01:27:34]} {[%emt 00:00:08]} cxd5 {[%clk
01:10:52]} {[%emt 00:14:32]} 14. cxd5 {[%clk 01:27:53]} {[%emt 00:00:10]} b6
{[%clk 01:10:05]} {[%emt 00:01:17]} 15. Nf3 {[%clk 01:24:16]} {[%emt 00:04:07]}
Nc5 {[%clk 01:02:03]} {[%emt 00:08:33]} 16. Nd4 {[%clk 01:24:13]} {[%emt
00:00:32]} Bxd4 {[%clk 00:45:46]} {[%emt 00:16:47]} 17. Qxd4 {[%clk 01:24:34]}
{[%emt 00:00:09]} Nb3 {[%clk 00:46:07]} {[%emt 00:00:09]} 18. Qh4 {[%clk
01:23:30]} {[%emt 00:01:33]} Nxc1 {[%clk 00:46:26]} {[%emt 00:00:12]} 19. Rbxc1
{[%clk 01:23:53]} {[%emt 00:00:06]} Bd7 {[%clk 00:45:12]} {[%emt 00:01:45]} 20.
e4 {[%clk 01:12:24]} {[%emt 00:11:58]} Rc8 {[%clk 00:39:49]} {[%emt 00:05:54]}
21. exf5 {[%emt 00:07:36]} Bxf5 {[%clk 00:39:02]} {[%emt 00:00:01]} 22. f4
{[%clk 01:02:16]} {[%emt 00:04:47]} b5 {[%clk 00:38:39]} {[%emt 00:00:53]} 23.
g4 {[%clk 01:02:15]} {[%emt 00:00:30]} Bd7 {[%clk 00:35:26]} {[%emt 00:03:43]}
24. Rce1 {[%clk 01:00:42]} {[%emt 00:02:04]} e5 {[%clk 00:32:42]} {[%emt
00:03:14]} 25. Qg3 {[%clk 00:55:08]} {[%emt 00:06:04]} exf4 {[%clk 00:33:03]}
{[%emt 00:00:09]} 26. Rxf4 {[%clk 00:55:30]} {[%emt 00:00:07]} Qb6+ {[%clk
00:32:50]} {[%emt 00:00:43]} 27. Kh1 {[%clk 00:52:58]} {[%emt 00:03:02]} Ne5
{[%clk 00:32:58]} {[%emt 00:00:23]} 28. Ne4 {[%clk 00:39:24]} {[%emt 00:14:04]}
Qc7 {[%clk 00:11:50]} {[%emt 00:21:38]} 29. Ref1 {[%clk 00:32:04]} {[%emt
00:07:48]} Rf7 {[%clk 00:09:44]} {[%emt 00:02:37]} 30. Rxf7 {[%clk 00:30:03]}
{[%emt 00:02:31]} Nxf7 {[%clk 00:10:04]} {[%emt 00:00:10]} 31. Qh4 {[%clk
00:29:02]} {[%emt 00:01:30]} h5 {[%clk 00:04:13]} {[%emt 00:06:21]} 32. Qf6
{[%clk 00:29:00]} {[%emt 00:00:32]} Ne5 {[%clk 00:04:18]} {[%emt 00:00:25]} 33.
Qe7 {[%clk 00:28:20]} {[%emt 00:01:09]} Bxg4 {[%clk 00:01:23]} {[%emt
00:03:25]} 34. Rf8+ {[%clk 00:28:43]} {[%emt 00:00:07]} 1-0

[Event "POHÁR města Říčany 2023"]
[Site "Městské kulturní středisko U labutě"]
[Date "2023.08.30"]
[Round "6.10"]
[White "Stanek, Ondrej"]
[Black "Korniichuk, Oleksandra"]
[Result "1/2-1/2"]
[WhiteFideId "364240"]
[BlackFideId "14155656"]
[WhiteElo "2065"]
[BlackElo "1869"]
[PlyCount "0"]
[EventDate "2023.08.26"]

1. e4 {[%clk 01:29:06]} {[%emt 00:01:53]} d6 {[%clk 01:29:20]} {[%emt
00:01:42]} 2. d4 {[%clk 01:27:27]} {[%emt 00:02:09]} Nf6 {[%clk 01:25:19]}
{[%emt 00:04:31]} 3. Nc3 {[%clk 01:24:52]} {[%emt 00:03:06]} g6 {[%clk
01:18:26]} {[%emt 00:07:22]} 4. Nf3 {[%clk 01:16:46]} {[%emt 00:08:36]} Bg4
{[%clk 01:14:21]} {[%emt 00:04:34]} 5. Bc4 {[%clk 01:08:58]} {[%emt 00:08:18]}
Nc6 {[%clk 01:13:39]} {[%emt 00:01:13]} 6. Ng5 {[%clk 01:00:17]} {[%emt
00:09:10]} Bxd1 {[%clk 01:10:51]} {[%emt 00:03:18]} 7. Bxf7+ {[%clk 01:00:17]}
{[%emt 00:00:30]} Kd7 {[%clk 01:11:14]} {[%emt 00:00:07]} 8. Be6+ {[%clk
01:00:16]} {[%emt 00:00:31]} Ke8 {[%clk 01:11:39]} {[%emt 00:00:05]} 9. Bf7+
{[%clk 01:00:36]} {[%emt 00:00:11]} Kd7 {[%clk 01:12:01]} {[%emt 00:00:07]} 10.
Be6+ {[%clk 01:01:02]} {[%emt 00:00:04]} Ke8 {[%clk 01:12:24]} {[%emt
00:00:07]} 11. Bf7+ {[%emt 00:00:23]} 1/2-1/2

[Event "POHÁR města Říčany 2023"]
[Site "Městské kulturní středisko U labutě"]
[Date "2023.08.30"]
[Round "6.11"]
[White "Taborsky, Rostislav"]
[Black "Vavrinec, Tomas"]
[Result "1-0"]
[WhiteFideId "307491"]
[BlackFideId "318353"]
[WhiteElo "2153"]
[BlackElo "1847"]
[PlyCount "0"]
[EventDate "2023.08.26"]

1. d4 {[%clk 01:29:58]} {[%emt 00:01:00]} e6 {[%clk 01:25:06]} {[%emt
00:05:55]} 2. e4 {[%clk 01:29:00]} {[%emt 00:01:27]} d5 {[%clk 01:25:24]}
{[%emt 00:00:11]} 3. Nc3 {[%clk 01:29:26]} {[%emt 00:00:05]} Bb4 {[%clk
01:25:14]} {[%emt 00:00:41]} 4. e5 {[%clk 01:29:49]} {[%emt 00:00:07]} c5
{[%clk 01:25:38]} {[%emt 00:00:05]} 5. a3 {[%clk 01:30:15]} {[%emt 00:00:05]}
cxd4 {[%clk 01:25:57]} {[%emt 00:00:10]} 6. axb4 {[%clk 01:30:31]} {[%emt
00:00:14]} dxc3 {[%clk 01:26:17]} {[%emt 00:00:10]} 7. Nf3 {[%clk 01:20:43]}
{[%emt 00:10:18]} Qc7 {[%clk 01:26:35]} {[%emt 00:00:11]} 8. b5 {[%clk
01:09:53]} {[%emt 00:11:21]} Nd7 {[%clk 01:16:26]} {[%emt 00:10:38]} 9. Qd4
{[%clk 01:09:03]} {[%emt 00:01:20]} Ne7 {[%clk 01:13:36]} {[%emt 00:03:20]} 10.
Bd3 {[%clk 01:04:16]} {[%emt 00:05:17]} Nb6 {[%clk 00:33:17]} {[%emt 00:40:49]}
11. O-O {[%clk 00:49:11]} {[%emt 00:15:35]} cxb2 {[%clk 00:23:59]} {[%emt
00:09:48]} 12. Bxb2 {[%clk 00:49:33]} {[%emt 00:00:07]} Nc4 {[%clk 00:24:22]}
{[%emt 00:00:07]} 13. Bxc4 {[%clk 00:34:29]} {[%emt 00:15:35]} Qxc4 {[%clk
00:24:20]} {[%emt 00:00:31]} 14. Qxc4 {[%emt 00:01:10]} dxc4 {[%clk 00:24:40]}
{[%emt 00:00:08]} 15. Nd2 {[%clk 00:33:54]} {[%emt 00:00:28]} c3 {[%clk
00:19:13]} {[%emt 00:05:56]} 16. Bxc3 {[%clk 00:34:09]} {[%emt 00:00:15]} Bd7
{[%clk 00:18:23]} {[%emt 00:01:20]} 17. Rfb1 {[%clk 00:24:24]} {[%emt
00:10:15]} O-O {[%clk 00:18:15]} {[%emt 00:00:38]} 18. Bb4 {[%clk 00:19:56]}
{[%emt 00:04:58]} Rfe8 {[%clk 00:18:37]} {[%emt 00:00:08]} 19. Bxe7 {[%clk
00:19:17]} {[%emt 00:01:09]} Rxe7 {[%clk 00:18:59]} {[%emt 00:00:08]} 20. Nc4
{[%clk 00:19:27]} {[%emt 00:00:20]} Ree8 {[%clk 00:13:06]} {[%emt 00:06:22]} 21.
Nd6 {[%clk 00:19:02]} {[%emt 00:00:56]} Reb8 {[%clk 00:13:15]} {[%emt
00:00:20]} 22. f4 {[%clk 00:19:04]} {[%emt 00:00:29]} Kf8 {[%clk 00:10:02]}
{[%emt 00:03:42]} 23. Ra5 {[%clk 00:15:56]} {[%emt 00:03:38]} Bc8 {[%clk
00:07:46]} {[%emt 00:02:46]} 24. Rba1 {[%clk 00:15:40]} {[%emt 00:00:46]} a6
{[%clk 00:06:30]} {[%emt 00:01:46]} 25. R5a3 {[%clk 00:15:49]} {[%emt
00:00:21]} f6 {[%clk 00:04:33]} {[%emt 00:02:27]} 26. Kf2 {[%clk 00:16:00]}
{[%emt 00:00:19]} Ke7 {[%clk 00:03:41]} {[%emt 00:01:22]} 27. c4 {[%clk
00:15:18]} {[%emt 00:01:12]} Bd7 {[%clk 00:03:33]} {[%emt 00:00:38]} 28. Ke3
{[%clk 00:15:04]} {[%emt 00:00:44]} fxe5 {[%clk 00:02:46]} {[%emt 00:01:16]} 29.
fxe5 {[%clk 00:15:29]} {[%emt 00:00:05]} Be8 {[%clk 00:03:09]} {[%emt
00:00:07]} 30. Kd4 {[%clk 00:14:51]} {[%emt 00:01:09]} Bh5 {[%clk 00:02:50]}
{[%emt 00:00:49]} 31. h4 {[%clk 00:10:47]} {[%emt 00:04:34]} h6 {[%clk
00:02:35]} {[%emt 00:00:45]} 32. g3 {[%clk 00:10:28]} {[%emt 00:00:50]} Be2
{[%clk 00:02:52]} {[%emt 00:00:13]} 33. Ra5 {[%clk 00:05:46]} {[%emt 00:05:12]}
g5 {[%clk 00:02:54]} {[%emt 00:00:27]} 34. hxg5 {[%clk 00:05:27]} {[%emt
00:00:50]} hxg5 {[%clk 00:03:22]} {[%emt 00:00:01]} 35. R5a2 {[%clk 00:01:20]}
{[%emt 00:04:37]} Bf3 {[%clk 00:03:41]} {[%emt 00:00:11]} 36. bxa6 {[%clk
00:01:26]} {[%emt 00:00:26]} bxa6 {[%clk 00:02:27]} {[%emt 00:01:43]} 37. Rxa6
{[%clk 00:01:52]} {[%emt 00:00:04]} Rxa6 {[%clk 00:02:38]} {[%emt 00:00:18]} 38.
Rxa6 {[%clk 00:02:19]} {[%emt 00:00:03]} Rb1 {[%clk 00:02:43]} {[%emt
00:00:25]} 39. Ra7+ {[%clk 00:02:41]} {[%emt 00:00:08]} Kd8 {[%clk 00:03:04]}
{[%emt 00:00:09]} 40. Nf7+ {[%clk 00:02:52]} {[%emt 00:00:19]} Kc8 {[%clk
00:03:07]} {[%emt 00:00:27]} 41. Nxg5 {[%clk 00:03:03]} {[%emt 00:00:20]} Bg4
{[%clk 00:02:33]} {[%emt 00:01:03]} 42. Ne4 {[%clk 00:00:57]} {[%emt 00:02:36]}
Bf3 {[%clk 00:02:06]} {[%emt 00:00:56]} 43. Nd6+ {[%clk 00:01:07]} {[%emt
00:00:20]} Kd8 {[%clk 00:02:18]} {[%emt 00:00:18]} 44. Rf7 {[%clk 00:01:13]}
{[%emt 00:00:24]} Rb3 {[%clk 00:02:04]} {[%emt 00:00:44]} 45. Rf4 {[%clk
00:00:42]} {[%emt 00:01:01]} Be2 {[%clk 00:02:13]} {[%emt 00:00:21]} 46. g4
{[%clk 00:00:51]} {[%emt 00:00:21]} Rd3+ {[%clk 00:01:26]} {[%emt 00:01:16]} 47.
Kc5 {[%clk 00:01:17]} {[%emt 00:00:05]} Ke7 {[%clk 00:01:22]} {[%emt 00:00:32]}
48. Kb6 {[%clk 00:00:38]} {[%emt 00:01:10]} Ra3 {[%clk 00:00:43]} {[%emt
00:01:09]} 49. Rf7+ {[%clk 00:00:41]} {[%emt 00:00:28]} Kd8 {[%clk 00:01:05]}
{[%emt 00:00:08]} 50. g5 {[%clk 00:00:45]} {[%emt 00:00:27]} Rg3 {[%clk
00:00:38]} {[%emt 00:00:57]} 51. Rf8+ {[%clk 00:00:59]} {[%emt 00:00:16]} Ke7
{[%clk 00:01:01]} {[%emt 00:00:06]} 52. Rf7+ {[%clk 00:01:25]} {[%emt
00:00:04]} Kd8 {[%clk 00:01:27]} {[%emt 00:00:04]} 53. g6 {[%clk 00:01:42]}
{[%emt 00:00:13]} Rxg6 {[%clk 00:01:37]} {[%emt 00:00:20]} 54. Kc6 {[%clk
00:02:03]} {[%emt 00:00:09]} Rg5 {[%clk 00:00:36]} {[%emt 00:01:30]} 55. Rd7#
{[%clk 00:02:26]} {[%emt 00:00:07]} 1-0

[Event "POHÁR města Říčany 2023"]
[Site "Městské kulturní středisko U labutě"]
[Date "2023.08.30"]
[Round "6.13"]
[White "Strnadova, Monika"]
[Black "Novotny, David"]
[Result "1/2-1/2"]
[WhiteElo "1833"]
[BlackElo "1985"]
[WhiteFideId "23701668"]
[BlackFideId "374083"]
[PlyCount "0"]
[EventDate "2023.08.26"]

1. d4 Nf6 2. Bf4 c6 3. c3 d6 4. Nf3 Qb6 5. Qb3 Be6 6. Qxb6 axb6 7. a3 Nbd7
8. Nbd2 Nh5 9. Bg3 h6 10. e4 f5 11. exf5 Bxf5 12. Nh4 Bh7 13. Be2 Ndf6 14. O-O
g5 15. Nhf3 b5 16. Ne1 Bg7 17. Bd3 Nxg3 18. hxg3 e5 19. Bxh7 Nxh7 20. dxe5 Bxe5
21. Nef3 Bg7 22. Ne4 O-O-O 23. Rfe1 c5 24. Rad1 Kc7 25. Nxc5 dxc5 26. Re7+ Kb6
27. Rxd8 Rxd8 28. Rxg7 Rd1+ 29. Kh2 Nf6 30. g4 Nxg4+ 31. Kg3 Nf6 32. Re7 Ka5
33. b4+ cxb4 34. axb4+ Ka4 35. Nd4 Rd3+ 36. f3 Rxc3 37. Rxb7 1/2-1/2

[Event "POHÁR města Říčany 2023"]
[Site "Městské kulturní středisko U labutě"]
[Date "2023.08.30"]
[Round "6.14"]
[White "Kopecky, Jiri"]
[Black "Lavrincik, Pavel"]
[Result "1/2-1/2"]
[WhiteElo "1910"]
[BlackElo "1657"]
[WhiteFideId "317152"]
[BlackFideId "320188"]
[PlyCount "0"]
[EventDate "2023.08.26"]

1. e4 d6 2. d4 Nf6 3. Nc3 g6 4. Be3 Bg7 5. h3 c6 6. Nf3 Nbd7 7. Qd2 e5 8. Rd1
O-O 9. dxe5 dxe5 10. Bg5 Qc7 11. Be2 Nc5 12. Qe3 Ne6 13. Bh4 Nf4 14. O-O 1/2-1/2

[Event "POHÁR města Říčany 2023"]
[Site "Městské kulturní středisko U labutě"]
[Date "2023.08.30"]
[Round "6.15"]
[White "Verner, Matej"]
[Black "Madle, Robin"]
[Result "0-1"]
[WhiteElo "1698"]
[BlackElo "1899"]
[WhiteFideId "23729236"]
[BlackFideId "393886"]
[PlyCount "0"]
[EventDate "2023.08.26"]

1. e4 c5 2. Nf3 Nc6 3. Nc3 d6 4. d4 cxd4 5. Nxd4 Nf6 6. Bg5 e5 7. Nde2 Be7
8. Bxf6 Bxf6 9. Nd5 O-O 10. Nec3 a6 11. a4 Bg5 12. Bc4 Kh8 13. O-O f5 14. exf5
Bxf5 15. Bd3 Nd4 16. Bxf5 Rxf5 17. Ne2 Qa5 18. c4 Qc5 19. Qd3 Nxe2+ 20. Qxe2 Rc8
21. b3 Rcf8 22. Nc3 Qd4 23. Ne4 h6 24. Rad1 Qb6 25. Nxd6 Rxf2 26. Rxf2 Rxf2
27. c5 Qxc5 28. Ne4 Rxe2+ 29. Nxc5 Be3+ 30. Kf1 Rf2+ 31. Ke1 Bxc5 32. b4 Ba7
33. Rd8+ Kh7 34. Ra8 Bd4 0-1